Tennessee Titans Head Coaches by Picture - Statistics

General Stats
  • This quiz has been taken 33 times
    7 since last reset
  • The average score is 6 of 21
Answer Stats
Picture Hint Answer % Correct
1994-2010 Jeff Fisher
86%
1990-1994 Jack Pardee
71%
1985-1989 Jerry Glanville
71%
2018-2023 Mike Vrabel
71%
2024-2025 Brian Callahan
57%
1975-1980 Bum Phillips
57%
2014-2015 Ken Whisenhunt
43%
2011-2013 Mike Munchak
43%
1972-1973 Bill Peterson
29%
2025-Present Mike McCoy
29%
2015-2017 Mike Mularkey
29%
1984-1985 Hugh Campbell
14%
1960-1961 Lou Rymkus
14%
1973-1974 Sid Gillman
14%
1961 | 1966-1970 Wally Lemm
14%
1983 Chuck Studley
0%
1981-1983 Ed Biles
0%
1971 Ed Hughes
0%
1965 Hugh Taylor
0%
1962-1963 Pop Ivy
0%
1964 Sammy Baugh
0%
No matching quizzes found
Score Distribution
Percent of People with Each Score
Percentile by Number Answered
Your Score History
You have not taken this quiz since the last reset